00326nam a22001457a 4500003000400000005001700004008004100021020001300062040000700075082001000082100001500092245004300107260002200150300000800172OSt20211028110314.0211028b |||||||| |||| 00| 0 eng d a43582600 chu a309.1 ac,a, moser asurvey methods in social investigation apressbhallc1996 a352